Femenino y masculino: una nueva conciencia para el encuentro de las diferencias
সংরক্ষণ করুন:
| প্রধান লেখক: | , |
|---|---|
| বিন্যাস: | গ্রন্থ |
| ভাষা: | স্প্যানিশ |
| প্রকাশিত: |
Madrid
Trotta
2004
|
| সংস্করন: | 1a. ed |
| মালা: | Colección Estructuras y Procesos. Serie Religión
|
| বিষয়গুলি: | |
| ট্যাগগুলো: |
ট্যাগ যুক্ত করুন
কোনো ট্যাগ নেই, প্রথমজন হিসাবে ট্যাগ করুন!
|
MARC
| LEADER | 00000cam a2200000 a 4500 | ||
|---|---|---|---|
| 001 | UCD0022 | ||
| 003 | CL-VaPUC | ||
| 008 | 151112e20040000sp |||||||||||||||||spa|d | ||
| 020 | |a 848164689X | ||
| 082 | 0 | 4 | |a 305.3 |b BOF |2 21 |
| 100 | 0 | |a Boff, Leonardo |e author |9 583017 | |
| 700 | 0 | |a Muraro, Rose Marie |e author |9 583018 | |
| 245 | 1 | 0 | |a Femenino y masculino: una nueva conciencia para el encuentro de las diferencias |
| 250 | |a 1a. ed | ||
| 300 | |a 209 p | ||
| 942 | |c BK | ||
| 945 | |d 20151112 20:22:00 |a arojas | ||
| 260 | |a Madrid |b Trotta |c 2004 | ||
| 650 | 0 | |a Género humano |9 399337 | |
| 650 | 7 | |a MOVIMIENTO FEMINISTA |2 CL-VaPUC |9 498616 | |
| 650 | 0 | |a Teología de la liberación |9 255471 | |
| 650 | 7 | |a FEMENINO |2 CL-VaPUC |9 373425 | |
| 650 | 7 | |a MASCULINO |2 CL-VaPUC |9 373424 | |
| 583 | |a last modification |c 20151112 20:22:00 |k Rodrigo Vera | ||
| 490 | 0 | |a Colección Estructuras y Procesos. Serie Religión | |
| 999 | |c 361646 |d 361644 | ||
| 952 | |0 0 |1 0 |3 erb |4 0 |6 305_300000000000000_BOF_2004 |7 0 |8 A |9 472251 |a BIBEDU |b BIBEDU |i 5249511 |l 5 |m 3 |o 305.3 BOF 2004 |p 5249511 |r 2024-11-26 |s 2024-11-11 |w 2019-11-24 |y BK |z Catalogado en:20151112 |k FIL | ||